Normal view MARC view

Entry Personal Name

Number of records used in: 1

001 - CONTROL NUMBER

  • control field: 50393

003 - CONTROL NUMBER IDENTIFIER

  • control field: OSt

005 - DATE AND TIME OF LATEST TRANSACTION

  • control field: 20250127162510.0

008 - FIXED-LENGTH DATA ELEMENTS

  • fixed length control field: 250127|| aca||aabn | a|a d

040 ## - CATALOGING SOURCE

  • Original cataloging agency: OSt
  • Transcribing agency: OSt

100 ## - HEADING--PERSONAL NAME

  • Personal name: Jacquet, Vincent Minsart, Elisa and Dodeigne, Jérémy

670 ## - SOURCE DATA FOUND

  • Source citation: Work cat.: (OSt): Jacquet, Vincent Minsart, Elisa and Dodeigne, Jérémy , The spread of participatory budgeting: Procedural diversity, municipal context, and electoral drivers in the Belgian context

Powered by Koha